000 00268 a2200109 4500
001 51209
040 _cAnchieta - Pituba
240 1 0 _aGincana interna Anchieta 2014
_l
245 1 0 _aGincana interna Anchieta 2014
650 4 _aLĂ­nguas espanhola e portuguesa
942 _cMX
999 _c51209
_d51209